World economic situation and prospects 2010.

Bibliographic Details
Corporate Author: United Nations
Format: Book
Published: NewYork: United Nations, 2010.
Subjects:
LEADER 00494cam a2200157 7i4500
001 0000024505
005 20100519090000.0
020 0 0 |a 978-92-1-109160-1  
090 0 0 |a I 330.905   |b UNI 
110 2 0 |a United Nations 
245 2 0 |a World economic situation and prospects 2010. 
260 0 0 |a NewYork:   |b United Nations,   |c 2010. 
300 # # |a 176 p. 
650 0 0 |a Fiscal policy --   |x Developing countries  
650 0 0 |a Disasters --   |x Economic aspects  
999 |a 0000026604  |b Book  |c International  |e Business Information Centre